{"text_format":"3","workbook":"xlsx","n_sheets":1,"sheets":["Предмет"],"not_rendered":{"defined_names":8},"read":"whole","date_system":"1900"}

{"sheet":"Предмет","index":0,"n_rows":84,"n_cols":14,"rows_kept":84}
["№","Фамилия","Имя","Отчество","Пол","Участник с ОВЗ","Класс","Класс участия","Балл","Макс. Балл","Статус","Призер МЭ прошлого года","Учитель","Место работы учителя"]
[1,2,3,4,5,6,7,8,9,10,11,12,13,14]
[1,"Гайнутдинов","Таир","Артурович","м",null,5,5,"3.7",25,"участник",null,"Курбанова Оксана Сергеевна","МБОУ \"Лицей №35 - образовательный центр \"Галактика\""]
[2,"Ахметзянов","Дамир","Айратович","м",null,5,5,"8.1",25,"участник",null,"Залялиева Лилия Латфрахмановна","МБОУ \"Лицей №35 - образовательный центр \"Галактика\""]
[3,"Кунгурцев ","Артем","Дмитриевич","м",null,5,5,"14.4",25,"призер",null,"Залялиева Лилия Латфрахмановна","МБОУ \"Лицей №35 - образовательный центр \"Галактика\""]
[4,"Галяутдинов","Марат","Джамилевич","м",null,5,5,"9.1",25,"участник",null,"Залялиева Лилия Латфрахмановна","МБОУ \"Лицей №35 - образовательный центр \"Галактика\""]
[5,"Кондратов","Кирилл","Андреевич","м",null,5,5,"9.1",25,"участник",null,"Залялиева Лилия Латфрахмановна","МБОУ \"Лицей №35 - образовательный центр \"Галактика\""]
[6,"Альмиев","Альмир","Ильназович","м",null,5,5,"14.4",25,"призер",null,"Залялиева Лилия Латфрахмановна","МБОУ \"Лицей №35 - образовательный центр \"Галактика\""]
[7,"Зиннатуллин","Алан","Альбертович","м",null,5,5,"14.5",25,"призер",null,"Залялиева Лилия Латфрахмановна","МБОУ \"Лицей №35 - образовательный центр \"Галактика\""]
[8,"Шагидуллин","Амир","Дамирович","м",null,5,5,"14.4",25,"призер",null,"Залялиева Лилия Латфрахмановна","МБОУ \"Лицей №35 - образовательный центр \"Галактика\""]
[9,"Харасов","Хаким","Муратович","м",null,5,5,"17.0",25,"призер",null,"Залялиева Лилия Латфрахмановна","МБОУ \"Лицей №35 - образовательный центр \"Галактика\""]
[10,"Яковлева","Дарья","Алексеевна","ж",null,5,5,"13.4",25,"призер",null,"Залялиева Лилия Латфрахмановна","МБОУ \"Лицей №35 - образовательный центр \"Галактика\""]
[11,"Мушарапова","Сафина","Ренатовна","ж",null,5,5,"19.0",25,"победитель",null,"Залялиева Лилия Латфрахмановна","МБОУ \"Лицей №35 - образовательный центр \"Галактика\""]
[12,"Саляхова","Аделина","Рамилевна","ж",null,6,6,"21.0",25,"призер",null,"Салихова Василя Мунировна","МБОУ \"Лицей №35 - образовательный центр \"Галактика\""]
[13,"Ибрагимова","Эсмира","Динаровна","ж",null,6,6,"21.8",25,"призер",null,"Салихова Василя Мунировна","МБОУ \"Лицей №35 - образовательный центр \"Галактика\""]
[14,"Белова","Милана","Александровна","ж",null,6,6,"19.6",25,"призер",null,"Салихова Василя Мунировна","МБОУ \"Лицей №35 - образовательный центр \"Галактика\""]
[15,"Галиуллин ","Рузаль","Рамилевич","м",null,6,6,"10.0",25,"участник",null,"Салихова Василя Мунировна","МБОУ \"Лицей №35 - образовательный центр \"Галактика\""]
[16,"Волков "," Всеволод "," Сергеевич","м",null,6,6,"10.5",25,"участник",null,"Салихова Василя Мунировна","МБОУ \"Лицей №35 - образовательный центр \"Галактика\""]
[17,"Яранова","Валерия","Станиславовна","ж",null,6,6,"19.8",25,"призер",null,"Салихова Василя Мунировна","МБОУ \"Лицей №35 - образовательный центр \"Галактика\""]
[18,"Абдуллаева","Нармина","Айдаровна","ж",null,6,6,"17.1",25,"призер",null,"Салихова Василя Мунировна","МБОУ \"Лицей №35 - образовательный центр \"Галактика\""]
[19,"Нугманов","Эльмир","Дамирович","м",null,6,6,"10.0",25,"участник",null,"Салихова Василя Мунировна","МБОУ \"Лицей №35 - образовательный центр \"Галактика\""]
[20,"Хасанов","Аскар","Рамилевич","м",null,6,6,"13.8",25,"призер",null,"Салихова Василя Мунировна","МБОУ \"Лицей №35 - образовательный центр \"Галактика\""]
[21,"Анастасьев","Ярослав","Алексеевич","м",null,6,6,"19.6",25,"призер",null,"Салихова Василя Мунировна","МБОУ \"Лицей №35 - образовательный центр \"Галактика\""]
[22,"Вакилова","Камиля","Ильгамовна","ж",null,6,6,"23.1",25,"победитель",null,"Салихова Василя Мунировна","МБОУ \"Лицей №35 - образовательный центр \"Галактика\""]
[23,"Мусин","Артемий","Рамилевич","м",null,6,6,"17.3",25,"призер",null,"Салихова Василя Мунировна","МБОУ \"Лицей №35 - образовательный центр \"Галактика\""]
[24,"Хасанова","Малика","Айратовна","ж",null,6,6,"15.5",25,"призер",null,"Салихова Василя Мунировна","МБОУ \"Лицей №35 - образовательный центр \"Галактика\""]
[25,"Нуруллина","Алина","Дамировна","ж",null,6,6,"8.0",25,"участник",null,"Салихова Василя Мунировна","МБОУ \"Лицей №35 - образовательный центр \"Галактика\""]
[26,"Нуруллин","Амир","Дамирович","м",null,6,6,"12.0",25,"участник",null,"Салихова Василя Мунировна","МБОУ \"Лицей №35 - образовательный центр \"Галактика\""]
[27,"Емакова "," Аделя "," Резидовна","ж",null,6,6,"20.1",25,"призер",null,"Салихова Василя Мунировна","МБОУ \"Лицей №35 - образовательный центр \"Галактика\""]
[28,"Ван","Мария","Дмитриевна","ж",null,6,6,"8.8",25,"участник",null,"Салихова Василя Мунировна","МБОУ \"Лицей №35 - образовательный центр \"Галактика\""]
[29,"Мубаракшин ","Артур ","Азатович","м",null,6,6,"15.5",25,"призер",null,"Салихова Василя Мунировна","МБОУ \"Лицей №35 - образовательный центр \"Галактика\""]
[30,"Гильмутдинова","Александра","Анасовна","ж",null,7,7,"12.9",30,"участник",null,"Салихова Василя Мунировна","МБОУ \"Лицей №35 - образовательный центр \"Галактика\""]
[31,"Насибуллова","Аделя","Олеговна","ж",null,7,7,"17.8",30,"призер",null,"Салихова Василя Мунировна","МБОУ \"Лицей №35 - образовательный центр \"Галактика\""]
[32,"Тазетдинова","Мадина","Ильнуровна","ж",null,7,7,"19.8",30,"победитель",null,"Салихова Василя Мунировна","МБОУ \"Лицей №35 - образовательный центр \"Галактика\""]
[33,"Никулин","Тимур","Максимович","м",null,7,7,"18.6",30,"призер",null,"Салихова Василя Мунировна","МБОУ \"Лицей №35 - образовательный центр \"Галактика\""]
[34,"Хузяхметов","Карим","Дилюсович","м",null,7,7,"19.0",30,"призер",null,"Салихова Василя Мунировна","МБОУ \"Лицей №35 - образовательный центр \"Галактика\""]
[35,"Корнетов","Сергей ","Вячеславович","м",null,7,7,"13.4",30,"участник",null,"Салихова Василя Мунировна","МБОУ \"Лицей №35 - образовательный центр \"Галактика\""]
[36,"Халимов","Булат","Ренатович","м",null,7,7,"12.6",30,"участник",null,"Салихова Василя Мунировна","МБОУ \"Лицей №35 - образовательный центр \"Галактика\""]
[37,"Насыбуллин","Артур","Айнурович","м",null,7,7,"7.7",30,"участник",null,"Салихова Василя Мунировна","МБОУ \"Лицей №35 - образовательный центр \"Галактика\""]
[38,"Галяутдинова","Розалина","Ильдаровна","ж",null,7,7,"18.1",30,"призер",null,"Салихова Василя Мунировна","МБОУ \"Лицей №35 - образовательный центр \"Галактика\""]
[39,"Коробков","Никита","Дмитриевич","м",null,8,8,"18.6",33,"призер",null,"Салихова Василя Мунировна","МБОУ \"Лицей №35 - образовательный центр \"Галактика\""]
[40,"Юсупова","Карина","Булатовна","ж",null,8,8,"11.8",33,"участник",null,"Салихова Василя Мунировна","МБОУ \"Лицей №35 - образовательный центр \"Галактика\""]
[41,"Хусаинов","Сабит","Ильдарович","м",null,8,8,"24.6",33,"победитель",null,"Салихова Василя Мунировна","МБОУ \"Лицей №35 - образовательный центр \"Галактика\""]
[42,"Гудочкина","Анастасия","Павловна","ж",null,8,8,"18.5",33,"призер",null,"Салихова Василя Мунировна","МБОУ \"Лицей №35 - образовательный центр \"Галактика\""]
[43,"Яруллин","Камиль","Алмазович","м",null,8,8,"20.8",33,"призер",null,"Салихова Василя Мунировна","МБОУ \"Лицей №35 - образовательный центр \"Галактика\""]
[44,"Галиева ","Диана","Рамилевна","ж",null,8,8,"17.1",33,"призер",null,"Курбанова Оксана Сергеевна","МБОУ \"Лицей №35 - образовательный центр \"Галактика\""]
[45,"Демьянова","Ева","Сергеевна","ж",null,8,8,"18.6",33,"призер",null,"Курбанова Оксана Сергеевна","МБОУ \"Лицей №35 - образовательный центр \"Галактика\""]
[46,"Ягафаров ","Булат","Данисович","м",null,8,8,"19.8",33,"призер",null,"Салихова Василя Мунировна","МБОУ \"Лицей №35 - образовательный центр \"Галактика\""]
[47,"Нурутдинова","Алина","Эдуардовна","ж",null,8,8,"20.5",33,"призер",null,"Салихова Василя Мунировна","МБОУ \"Лицей №35 - образовательный центр \"Галактика\""]
[48,"Махмутова","Самира","Рамилевна","ж",null,8,8,"10.1",33,"участник",null,"Салихова Василя Мунировна","МБОУ \"Лицей №35 - образовательный центр \"Галактика\""]
[49,"Юсупов","Амир","Ильсурович","м",null,8,8,"20.8",33,"призер",null,"Курбанова Оксана Сергеевна","МБОУ \"Лицей №35 - образовательный центр \"Галактика\""]
[50,"Аббясов","Ринар","Раилевич","м",null,9,9,"34.0",56,"призер",null,"Залялиева Лилия Латфрахмановна","МБОУ \"Лицей №35 - образовательный центр \"Галактика\""]
[51,"Назипов ","Амир","Ильдарович","м",null,9,9,"35.2",56,"призер",null,"Залялиева Лилия Латфрахмановна","МБОУ \"Лицей №35 - образовательный центр \"Галактика\""]
[52,"Колесникова","Юлия","Игоревна","ж",null,9,9,"26.6",56,"участник",null,"Залялиева Лилия Латфрахмановна","МБОУ \"Лицей №35 - образовательный центр \"Галактика\""]
[53,"Бекбулатова","Амира","Ренатовна","ж",null,9,9,"20.1",56,"участник",null,"Залялиева Лилия Латфрахмановна","МБОУ \"Лицей №35 - образовательный центр \"Галактика\""]
[54,"Драгомирова","Сания","Фирдависовна","ж",null,9,9,"19.5",56,"участник",null,"Курбанова Оксана Сергеевна","МБОУ \"Лицей №35 - образовательный центр \"Галактика\""]
[55,"Зарипов","Амирхан","Артурович","м",null,9,9,"28.0",56,"призер",null,"Курбанова Оксана Сергеевна","МБОУ \"Лицей №35 - образовательный центр \"Галактика\""]
[56,"Зарипов","Данис","Ленарович","м",null,9,9,"35.2",56,"призер",null,"Курбанова Оксана Сергеевна","МБОУ \"Лицей №35 - образовательный центр \"Галактика\""]
[57,"Зиятдинова ","Эльвина ","Сайяровна","ж",null,9,9,"37.6",56,"призер",null,"Курбанова Оксана Сергеевна","МБОУ \"Лицей №35 - образовательный центр \"Галактика\""]
[58,"Мухаметшина","Амира","Руслановна","ж",null,9,9,"39.3",56,"победитель",null,"Курбанова Оксана Сергеевна","МБОУ \"Лицей №35 - образовательный центр \"Галактика\""]
[59,"Нурмеев","Салават","Ильдарович","м",null,9,9,"30.0",56,"призер",null,"Курбанова Оксана Сергеевна","МБОУ \"Лицей №35 - образовательный центр \"Галактика\""]
[60,"Яранова","Виктория","Станиславовна","ж",null,9,9,"22.8",56,"участник",null,"Курбанова Оксана Сергеевна","МБОУ \"Лицей №35 - образовательный центр \"Галактика\""]
[61,"Шихамова","Раяна","Радиковна","ж",null,9,9,"24.1",56,"участник",null,"Залялиева Лилия Латфрахмановна","МБОУ \"Лицей №35 - образовательный центр \"Галактика\""]
[62,"Гайнутдинова","Алия","Айратовна","ж",null,9,9,"21.6",56,"участник",null,"Залялиева Лилия Латфрахмановна","МБОУ \"Лицей №35 - образовательный центр \"Галактика\""]
[63,"Рослова","София","Ильшатовна","ж",null,9,9,"31.0",56,"призер",null,"Курбанова Оксана Сергеевна","МБОУ \"Лицей №35 - образовательный центр \"Галактика\""]
[64,"Иксанова","Сафия","Нурисламовна","ж",null,9,9,"32.2",56,"призер",null,"Курбанова Оксана Сергеевна","МБОУ \"Лицей №35 - образовательный центр \"Галактика\""]
[65,"Гилязов ","Айдар","Ришатович","м",null,9,9,"35.7",56,"призер",null,"Залялиева Лилия Латфрахмановна","МБОУ \"Лицей №35 - образовательный центр \"Галактика\""]
[66,"Ахметова","Алиса","Фанисовна","ж",null,10,10,"27.8",63,"участник",null,"Залялиева Лилия Латфрахмановна","МБОУ \"Лицей №35 - образовательный центр \"Галактика\""]
[67,"Габдрахманова","Азалия","Рашитовна","ж",null,10,10,"32.1",63,"призер",null,"Залялиева Лилия Латфрахмановна","МБОУ \"Лицей №35 - образовательный центр \"Галактика\""]
[68,"Гарафутдинова ","Алсу","Ильдаровна","ж",null,10,10,"19.3",63,"участник",null,"Залялиева Лилия Латфрахмановна","МБОУ \"Лицей №35 - образовательный центр \"Галактика\""]
[69,"Сунгатуллина","Самина","Ринатовна","ж",null,10,10,"37.0",63,"победитель",null,"Залялиева Лилия Латфрахмановна","МБОУ \"Лицей №35 - образовательный центр \"Галактика\""]
[70,"Хуснутдинова","Лейла","Рифатовна","ж",null,10,10,"11.0",63,"участник","да","Курбанова Оксана Сергеевна","МБОУ \"Лицей №35 - образовательный центр \"Галактика\""]
[71,"Саляхова","Алина","Марселевна","ж",null,10,10,"22.3",63,"участник",null,"Курбанова Оксана Сергеевна","МБОУ \"Лицей №35 - образовательный центр \"Галактика\""]
[72,"Муртазина","Саида","Ниязовна","ж",null,10,10,"27.6",63,"участник",null,"Курбанова Оксана Сергеевна","МБОУ \"Лицей №35 - образовательный центр \"Галактика\""]
[73,"Ракипова","Наиля","Айратовна","ж",null,10,10,"33.6",63,"призер",null,"Залялиева Лилия Латфрахмановна","МБОУ \"Лицей №35 - образовательный центр \"Галактика\""]
[74,"Афанасьева ","Арина","Андреевна","ж",null,11,11,"49.3",70,"призер",null,"Курбанова Оксана Сергеевна","МБОУ \"Лицей №35 - образовательный центр \"Галактика\""]
[75,"Хакимзянова ","Алия ","Азатовна","ж",null,11,11,"48.3",70,"призер",null,"Курбанова Оксана Сергеевна","МБОУ \"Лицей №35 - образовательный центр \"Галактика\""]
[76,"Низамутдинова","Камилла","Маратовна","ж",null,11,11,"58.7",70,"призер",null,"Курбанова Оксана Сергеевна","МБОУ \"Лицей №35 - образовательный центр \"Галактика\""]
[77,"Алексеева "," София "," Андреевна","ж",null,11,11,"60.6",70,"призер",null,"Курбанова Оксана Сергеевна","МБОУ \"Лицей №35 - образовательный центр \"Галактика\""]
[78,"Ахметова","Дарина","Альвировна","ж",null,11,11,"59.3",70,"призер",null,"Курбанова Оксана Сергеевна","МБОУ \"Лицей №35 - образовательный центр \"Галактика\""]
[79,"Хамзина","Камила","Раилевна","ж",null,11,11,"52.7",70,"призер",null,"Курбанова Оксана Сергеевна","МБОУ \"Лицей №35 - образовательный центр \"Галактика\""]
[80,"Нугаев","Богдан","Данилевич","м",null,11,11,"21.6",70,"участник",null,"Курбанова Оксана Сергеевна","МБОУ \"Лицей №35 - образовательный центр \"Галактика\""]
[81,"Хусаенова ","Камила ","Ринатовна","ж",null,11,11,"55.2",70,"призер",null,"Курбанова Оксана Сергеевна","МБОУ \"Лицей №35 - образовательный центр \"Галактика\""]
[82,"Муллахметов","Алмаз","Раилевич","м",null,11,11,"61.3",70,"победитель",null,"Курбанова Оксана Сергеевна","МБОУ \"Лицей №35 - образовательный центр \"Галактика\""]